| 000 | 004450000a22001930004500 | ||
|---|---|---|---|
| 003 | LK-CoMWRAF | ||
| 005 | 20231103134819.0 | ||
| 008 | 230817t ||||| |||| 00| 0 eng d | ||
| 020 | _a0140430105 | ||
| 040 |
_aLK-CoMWRAF _dLK-CoMWRAF _eLK-CoMWRAF |
||
| 041 | _aeng | ||
| 082 |
_a823 _bAUS |
||
| 100 | _aAustin, Jane | ||
| 245 | _aEmma | ||
| 260 |
_aEngland : _bPenguin, _c1985 |
||
| 300 | _a471p | ||
| 650 | _aEnglish Fiction | ||
| 942 | _cBK | ||
| 999 |
_c1596 _d1596 |
||